[Event "Pan American-ch School U17 12th"]
[Site "Callao"]
[Date "2023.10.21"]
[Round "9"]
[White "Salazar Flores, Yerick Alexander"]
[Black "Quiroz Alva, Franco Rodrigo"]
[Result "0-1"]
[WhiteElo "1717"]
[BlackElo "1913"]
[PlyCount "158"]
[EventDate "2023.10.16"]
[EventType "swiss"]
[EventRounds "9"]
[EventCountry "PER"]
[SourceTitle "Mega2024 Update 01"]
[Source "Chessbase"]
[SourceDate "2023.11.12"]
[SourceVersion "1"]
[SourceVersionDate "2023.11.12"]
[SourceQuality "1"]

1. d4 d5 2. Nf3 Nf6 3. c4 c6 4. Nc3 e6 5. e3 Nbd7 6. Qc2 Bd6 7. Bd3 dxc4 8. Bxc4 b5 9. Bd3 Bb7 10. Ne4 Nxe4 11. Bxe4 f5 12. Bxc6 Rc8 13. Bxd7+ Qxd7 14. Qd1 Bd5 15. 0-0 Qb7 16. Bd2 0-0 17. a3 Rf6 18. Bb4 Bb8 19. Ne1 Rh6 20. f4 g5 21. Rf2 gxf4 22. exf4 Rg6 23. Rc1 Re8 24. Rc3 Qg7 25. Qd2 Rg4 26. g3 h5 27. Qe3 h4 28. b3 Kf7 29. Kf1 hxg3 30. hxg3 Rg8 31. Nf3 Rxg3 32. Ng5+ Rxg5 33. fxg5 Qxg5 34. Qxg5 Rxg5 35. Ba5 Bg3 36. Rd2 Kg6 37. Bc7 f4 38. Rdd3 Bh2 39. Be5 Kf5 40. Rc7 Rg1+ 41. Kf2 Rg2+ 42. Kf1 Rb2 43. Rh7 Ke4 44. Rhh3 Rb1+ 45. Ke2 Rb2+ 46. Kd1 Bg1 47. Kc1 Rg2 48. Rc3 Bxd4 49. Bxd4 Kxd4 50. a4 b4 51. Rcd3+ Ke4 52. Rd1 a5 53. Re1+ Kf5 54. Rh5+ Kg4 55. Ree5 f3 56. Kd1 Bxb3+ 57. Ke1 f2+ 58. Ke2 Bc4+ 59. Ke3 f1N+ 60. Kd4 Bd5 61. Rhg5+ Kf3 62. Rxd5 Rd2+ 63. Kc4 Ne3+ 64. Kb3 Rxd5 65. Rg8 Rd3+ 66. Kb2 Nc4+ 67. Kb1 Ke3 68. Rg2 e5 69. Kc1 e4 70. Rg8 Kd4 71. Rg4 b3 72. Rg1 Kc3 73. Kb1 Na3+ 74. Ka1 b2+ 75. Ka2 b1Q+ 76. Rxb1 Nxb1 77. Kxb1 Kb3 78. Kc1 Rd4 79. Kb1 Rd1# 0-1

[Event "South America-ch U16 17th"]
[Site "Guayaquil"]
[Date "2022.01.28"]
[Round "6"]
[White "Quiroz Alva, Franco Rodrigo"]
[Black "Flores Quillas, Diego Saul Rodrigo"]
[Result "0-1"]
[WhiteElo "1691"]
[BlackElo "2189"]
[PlyCount "90"]
[EventDate "2022.01.25"]
[EventType "swiss"]
[EventRounds "9"]
[EventCountry "ECU"]
[SourceTitle "CBM 206 Extra"]
[Source "ChessBase"]
[SourceDate "2022.03.31"]
[SourceVersion "1"]
[SourceVersionDate "2022.03.31"]
[SourceQuality "1"]

1. d4 Nf6 2. Bg5 Ne4 3. Bf4 c5 4. f3 Qa5+ 5. c3 Nf6 6. Nd2 cxd4 7. Nb3 Qb6 8. Qxd4 Nc6 9. Qxb6 axb6 10. Nd4 Nxd4 11. cxd4 d5 12. e3 Bd7 13. Ne2 b5 14. g4 Bc6 15. Nc1 e6 16. Nd3 Nd7 17. Ne5 Nxe5 18. Bxe5 f6 19. Bg3 Be7 20. Bd3 b4 21. Ke2 0-0 22. h4 Ra7 23. b3 Rfa8 24. Bb1 Ra3 25. Kd2 Kh8 26. Kc2 Bb5 27. Kb2 Rc8 28. Be1 Be2 29. f4 Bxg4 30. Bd3 Bf5 31. Bxf5 exf5 32. h5 Ra6 33. Bd2 Rac6 34. Rac1 Rxc1 35. Rxc1 Rc6 36. Rg1 Kg8 37. Rg2 Kf7 38. Be1 g6 39. hxg6+ hxg6 40. Rc2 g5 41. Rxc6 bxc6 42. Kc2 Kg6 43. Kd3 Kh5 44. Ke2 Kg4 45. Kf2 gxf4 0-1

[Event "South America-ch U16 17th"]
[Site "Guayaquil"]
[Date "2022.01.28"]
[Round "5"]
[White "Ruiz Zurita, Cesar Josaya"]
[Black "Quiroz Alva, Franco Rodrigo"]
[Result "1/2-1/2"]
[WhiteElo "1566"]
[BlackElo "1691"]
[PlyCount "85"]
[EventDate "2022.01.25"]
[EventType "swiss"]
[EventRounds "9"]
[EventCountry "ECU"]
[SourceTitle "CBM 206 Extra"]
[Source "ChessBase"]
[SourceDate "2022.03.31"]
[SourceVersion "1"]
[SourceVersionDate "2022.03.31"]
[SourceQuality "1"]

1. c4 c6 2. g3 d5 3. Bg2 Nf6 4. Nf3 Bf5 5. b3 e6 6. 0-0 h6 7. Bb2 Nbd7 8. d3 Bc5 9. Nbd2 0-0 10. Re1 Qb6 11. d4 Be7 12. e3 Ne4 13. c5 Qc7 14. Nxe4 Bxe4 15. Qe2 Bf6 16. b4 a5 17. b5 e5 18. b6 Qb8 19. Bh3 exd4 20. Bxd4 Ne5 21. Nxe5 Bxe5 22. Qh5 Re8 23. f4 Bxd4 24. exd4 Qd8 25. Qh4 Qxh4 26. gxh4 g6 27. Kf2 Kg7 28. Kg3 Re7 29. Re3 f5 30. Rae1 Kf6 31. Bf1 Rg7 32. Ra3 g5 33. hxg5+ hxg5 34. h3 Rag8 35. Rxa5 gxf4+ 36. Kf2 Rg3 37. Ra7 R8g7 38. a4 f3 39. Rxb7 Rg2+ 40. Ke3 Rxb7 41. Bxg2 fxg2 42. a5 Rh7 43. a6 1/2-1/2

[Event "South America-ch U16 17th"]
[Site "Guayaquil"]
[Date "2022.01.26"]
[Round "3"]
[White "Flores Ninacansaya, Fabian Moises"]
[Black "Quiroz Alva, Franco Rodrigo"]
[Result "0-1"]
[WhiteElo "1528"]
[BlackElo "1691"]
[PlyCount "76"]
[EventDate "2022.01.25"]
[EventType "swiss"]
[EventRounds "9"]
[EventCountry "ECU"]
[SourceTitle "CBM 206 Extra"]
[Source "ChessBase"]
[SourceDate "2022.03.31"]
[SourceVersion "1"]
[SourceVersionDate "2022.03.31"]
[SourceQuality "1"]

1. e4 c6 2. d4 d5 3. e5 Bf5 4. Bd3 Bxd3 5. Qxd3 e6 6. f4 c5 7. dxc5 Bxc5 8. Qb5+ Nd7 9. Nf3 Qc7 10. Nc3 Ne7 11. Bd2 h5 12. 0-0-0 a6 13. Qd3 g6 14. Kb1 b5 15. h3 h4 16. Ne2 Nf5 17. Nfd4 Bxd4 18. Nxd4 Nc5 19. Qc3 Nxd4 20. Qxd4 Ne4 21. Bb4 a5 22. Bd6 Qc6 23. Rd3 Rh5 24. Re1 Rf5 25. Rxe4 dxe4 26. Rc3 Qd5 27. Qg1 Rd8 28. a4 Rxd6 29. exd6 Qxd6 30. axb5 Kf8 31. Rc8+ Kg7 32. c4 Qd3+ 33. Ka2 a4 34. b6 Qb3+ 35. Ka1 e3 36. c5 Rxf4 37. b7 Qxb7 38. Rd8 e2 0-1

[Event "South America-ch U16 17th"]
[Site "Guayaquil"]
[Date "2022.01.26"]
[Round "2"]
[White "Quiroz Alva, Franco Rodrigo"]
[Black "Hernandez Ojeda, Garry Anatholy"]
[Result "0-1"]
[WhiteElo "1691"]
[BlackElo "1621"]
[PlyCount "78"]
[EventDate "2022.01.25"]
[EventType "swiss"]
[EventRounds "9"]
[EventCountry "ECU"]
[SourceTitle "CBM 206 Extra"]
[Source "ChessBase"]
[SourceDate "2022.03.31"]
[SourceVersion "1"]
[SourceVersionDate "2022.03.31"]
[SourceQuality "1"]

1. d4 Nf6 2. Bg5 Ne4 3. Bf4 c5 4. f3 Nf6 5. dxc5 Na6 6. Nc3 Nxc5 7. e4 Ne6 8. Be3 d6 9. Qd2 Bd7 10. g4 Bc6 11. 0-0-0 Nc7 12. g5 Nd7 13. Nge2 e6 14. Nd4 Be7 15. h4 0-0 16. Bh3 Ne5 17. Qe2 Bd7 18. f4 Nc6 19. Ndb5 Nxb5 20. Nxb5 Qa5 21. a3 Nb4 22. Nc3 Na6 23. Nd5 Bd8 24. Bd2 Qa4 25. Nc3 Qc6 26. h5 b5 27. g6 Qc4 28. gxh7+ Kxh7 29. Qg4 Bf6 30. Rdg1 Rab8 31. Qg6+ fxg6 32. hxg6+ Kg8 33. Bf1 Bxc3 34. Bxc3 Qxe4 35. Bd3 Qxh1 36. Rxh1 Bc6 37. Rh7 Rb7 38. a4 Nc5 39. Bf1 Be8 0-1